Unidades de las magnitudes físicas y sus dimensiones
| Main Author: | |
|---|---|
| Format: | Section = Libro |
| Language: | Undetermined Spanish |
| Published: |
Moscú
Mir Moscú
1979
|
| Subjects: |
| LEADER | 00460nam a2200181Ia 4500 | ||
|---|---|---|---|
| 008 | 240829s9999 xx 000 0 und d | ||
| 040 | |a BIBLIOTECA-RUSB/ 523.822 S474 | ||
| 041 | |a spa | ||
| 082 | |a 523.822 S474 | ||
| 100 | 1 | |a Sena, L.A | |
| 245 | 1 | 0 | |a Unidades de las magnitudes físicas y sus dimensiones |
| 260 | |a Moscú |b Mir Moscú |c 1979 | ||
| 300 | |a 352 p. :il. | ||
| 650 | 7 | |a FISICA | |
| 650 | 7 | |b MAGNITUDES | |
| 942 | |c BK |2 ddc | ||
| 991 | |a TEXTO | ||
| 999 | |c 1936 | ||